Guatemala despúes del golpe: interpretaciones
Gardado en:
| Formato: | Texto |
|---|---|
| Materias: | |
| Etiquetas: |
Engadir etiqueta
Sen Etiquetas, Sexa o primeiro en etiquetar este rexistro!
|
MARC
| LEADER | 00000 a a2200000 04500 | ||
|---|---|---|---|
| 001 | 18134 | ||
| 003 | |||
| 040 | |||
| 245 | |a Guatemala despúes del golpe: |b interpretaciones | ||
| 650 | |a POLITICA | ||
| 650 | |a CRISIS | ||
| 650 | |a MILITARISMO | ||
| 650 | |a GUATEMALA | ||
| 773 | |g volumen 7, número 46; páginas 727 | ||
| 999 | |c 24605 |d 24605 | ||
